LAWS OF MALAYSIA ON CD-ROM : CD containing amendments up to 31st August 2006

Bibliographic Details
Format: Software Book

MARC

LEADER 00000cam a2200000 7i4500
001 0000311699
005 20240403155435.0
006 m ###g o #####
007 cd# o# u
008 230823n my g o
020 |a 9678916649 
040 |a MBPJ   |b eng   |c MBPJ   |e rda 
090 4 |a ADV 023 
110 2 |a International Law Book Services   |e issuing body 
245 0 0 |a LAWS OF MALAYSIA ON CD-ROM :   |b CD containing amendments up to 31st August 2006   |c International law Book services 
264 0 |a Petaling Jaya :   |b International Law Book Services   |c 2006 
300 |a 1 CD+ROM (700 MB) ;   |c 12 cm. 
336 |a text  |2 rdacontent 
337 |a computer  |2 rdamedia 
338 |a computer disc  |2 rdacarrier 
347 |a text file   |b CD+Rom  |2 rda 
347 |a text file   |b PDF  |2 rda 
500 |a Document - Audio Visual (23/08/2023) 
500 |a Law of malaysia update CD containing amendments up to 31st August 2006 
999 |a BA1674/23   |b AUDIO VISUAL   |c KOLEKSI BAHAN ARKIB   |e PERPUSTAKAAN KOMUNITI PETALING JAYA